La collection égyptienne : les étapes marquantes de son développement /

Saved in:

Main Author: Walle, Baudouin van de.

Corporate Author: Musées royaux d'art et d'histoire (Belgium)

Other Authors: Limme, Luc., Meulenaere, Herman de., Roo, Rene de.

Format: Book

Language: French

Published: Bruxelles : Musees royaux d'art et d'histoire, 1980

Subjects:

Tags: Add Tag

No Tags, Be the first to tag this record!

Call Number: DT59 .B78 W34 1980

LEADER 01006nam a2200277Mc 4500
001 on1406977441
003 OSt
005 20260510120128.0
008 201012s1980 be a b 001 0 fre d
040 |c ARCE Library 
050 0 0 |a DT59 .B78 W34 1980 
100 1 |a Walle, Baudouin van de. 
245 1 3 |a La collection égyptienne :   |b les étapes marquantes de son développement /   |c B. van de Walle, L. Limme, H. de Meulenaere ; avec une préface de R. de Roo.  |n   
264 1 |a Bruxelles :   |b Musees royaux d'art et d'histoire,   |c 1980 
300 |a 97 pages :  |b illustrations ;  |c 27 cm. 
504 |a Includes bibliographical references and index. 
610 2 0 |a Musées royaux d'art et d'histoire (Belgium)   |v Catalogs. 
650 0 |a Art, Egyptian. 
651 0 |a Egypt   |x Antiquities   |v Catalogs. 
700 1 |a Limme, Luc. 
700 1 |a Meulenaere, Herman de. 
700 1 |a Roo, Rene de. 
710 2 |a Musées royaux d'art et d'histoire (Belgium) 
901 |a reviewed 
942 |2 lcc  |c BK 
999 |c 55306  |d 55306